| 000 | 00406nam a2200145Ia 4500 | ||
|---|---|---|---|
| 008 | 230917s9999||||xx |||||||||||||| ||und|| | ||
| 040 |
_e157328 _aMAIN |
||
| 041 | _aEnglish | ||
| 082 | _a006.7 H742M | ||
| 100 | _aHalsall, Fred | ||
| 245 | 0 | _aMultimedia communications: Applications, networks, protocols and standards | |
| 260 |
_aNew Delhi _bPearson Education _c2009 |
||
| 300 | _a1056 p. | ||
| 942 | _cBK | ||
| 999 |
_c153050 _d153050 |
||